000 00493nam a2200181Ia 4500
001 21344
005 20260306172912.0
008 260306t2022||||xx |||||||||||||| ||spa||
041 _aESP
082 _a344.528
_bG72
100 _aGonzález Salinas, Juan Carlos
_eAUT
245 0 _aEl compliance en el sector público y su desarrollo en el sistema jurídico peruano
260 _c2022
300 _a478 páginas :
_c25 cm.
650 _aGEN
654 _aCDE
942 _cLIB
_dJUS
_fJUS
_2ddc
_n
999 _c21344
_d21344